All 5k+ cities in Indiana on a map - Statistics

General Stats
  • This quiz has been taken 7 times
  • The average score is 54 of 124
Answers on the Map
Answers color-coded by a green-red scale on the quiz's map according to % correct below.
 
Answer Stats
City Population % Correct
Bloomington 79,168
100%
Carmel 99,757
100%
Evansville 117,298
100%
Fort Wayne 263,886
100%
Gary 69,093
100%
Hammond 77,879
100%
Indianapolis 887,642
100%
Lafayette 70,783
100%
Muncie 65,194
100%
South Bend 103,453
100%
Terre Haute 58,389
100%
Anderson 54,788
83%
East Chicago 26,370
83%
Elkhart 53,923
83%
Greenwood 63,830
83%
Kokomo 59,604
83%
Michigan City 32,075
83%
New Albany 37,841
83%
Noblesville 69,604
83%
Dyer 16,517
67%
Fishers 98,977
67%
Franklin 25,313
67%
Goshen 34,517
67%
Jeffersonville 49,447
67%
Seymour 21,569
67%
Speedway 13,952
67%
Tell City 7,506
67%
Valparaiso 34,151
67%
West Lafayette 44,595
67%
Angola 9,340
50%
Bedford 13,792
50%
Brownsburg 28,973
50%
Columbus 50,474
50%
Crown Point 33,899
50%
Gas City 6,157
50%
Greenfield 23,488
50%
Hobart 29,752
50%
La Porte 22,471
50%
Lebanon 16,662
50%
Madison 12,357
50%
Martinsville 11,932
50%
Merrillville 36,444
50%
Mishawaka 51,063
50%
New Castle 17,396
50%
Plainfield 34,625
50%
Portage 37,926
50%
Richmond 35,720
50%
Shelbyville 20,067
50%
Tipton 5,275
50%
Wabash 10,440
50%
Warsaw 15,804
50%
Westfield 46,410
50%
Zionsville 30,903
50%
Alexandria 5,149
33%
Auburn 13,412
33%
Avon 21,474
33%
Batesville 7,202
33%
Bluffton 10,308
33%
Brazil 8,181
33%
Charlestown 7,775
33%
Clarksville 22,333
33%
Connersville 13,324
33%
Crawfordsville 16,306
33%
Danville 10,559
33%
Elwood 8,410
33%
Garrett 6,542
33%
Greencastle 9,820
33%
Greensburg 12,312
33%
Huntingburg 6,362
33%
Huntington 17,022
33%
Jasper 16,703
33%
Kendallville 10,271
33%
Lawrence 49,370
33%
Lawrenceburg 5,129
33%
Linton 5,133
33%
Logansport 18,366
33%
Marion 28,310
33%
Monticello 5,508
33%
Mooresville 9,411
33%
Peru 11,073
33%
Plymouth 10,214
33%
Portland 6,320
33%
Princeton 8,301
33%
Rensselaer 5,733
33%
Rushville 6,208
33%
Schererville 29,646
33%
Scottsburg 7,345
33%
Vincennes 16,759
33%
Washington 12,017
33%
Whitestown 10,178
33%
Bargersville 9,560
17%
Beech Grove 14,717
17%
Boonville 6,712
17%
Cedar Lake 14,106
17%
Chesterton 14,241
17%
Cicero 5,301
17%
Columbia City 9,892
17%
Cumberland 5,954
17%
Decatur 9,913
17%
Ellettsville 6,712
17%
Frankfort 16,715
17%
Griffith 16,528
17%
Hartford City 6,086
17%
Highland 23,984
17%
Huntertown 9,141
17%
Lake Station 13,235
17%
Lowell 10,680
17%
McCordsville 8,503
17%
Munster 23,894
17%
Nappanee 6,949
17%
New Haven 15,583
17%
New Whiteland 5,550
17%
North Manchester 5,227
17%
North Vernon 6,608
17%
Porter 5,210
17%
Rochester 6,270
17%
Salem 6,371
17%
Sellersburg 9,310
17%
St. John 20,303
17%
Westville 5,257
17%
Winfield 7,181
17%
Winona Lake 5,053
17%
Yorktown 11,548
17%
Mount Vernon 6,493
0%
No matching quizzes found
Score Distribution
Percent of People with Each Score
Percentile by Number Answered
Your Score History
You have not taken this quiz